Orígenes sociales y culturales del nacionalismo marroquí: 1830-1912

Uloženo v:
Podrobná bibliografie
Hlavní autor: Laroui, Abdallah (Autor)
Médium: Kniha
Jazyk:španělština
Vydáno: Madrid Mapfre 1997
Edice:Colección El Magreb, 17
Témata:
Tagy: Přidat tag
Žádné tagy, Buďte první, kdo vytvoří štítek k tomuto záznamu!

MARC

LEADER 00000nam a2200000 a 4500
001 UCR5885
003 CL-VaPUC
008 980403e19970000SP |||||||||||||||||spa|d
082 0 4 |a 964  |b LAR  |2 21 
100 |a Laroui, Abdallah  |e author  |9 445446 
245 1 0 |a Orígenes sociales y culturales del nacionalismo marroquí: 1830-1912 
300 |a 508 p 
942 |c BK 
945 |d 19980403 00:00:00  |a rbrito 
260 |a Madrid  |b Mapfre  |c 1997 
650 0 |a Historia  |9 255047 
650 0 |a Vida y costumbres  |9 611784 
650 0 |a Vestuario  |9 389590 
650 7 |a IDIOMA  |2 CL-VaPUC  |9 406801 
650 0 |a Monarquía   |9 255259 
650 0 |a Cultura  |9 269059 
650 7 |a NACIONALISMO  |2 CL-VaPUC  |9 406802 
651 7 |a MARRUECOS  |2 CL-VaPUC  |9 406803 
583 |a last modification  |c 19980403 00:00:00  |k Rodrigo Vera 
490 0 |a Colección El Magreb, 17 
999 |c 268227  |d 268225 
952 |0 0  |1 0  |4 0  |6 964_000000000000000_LAR_1997  |7 0  |8 A  |9 301195  |a BIBHIS  |b BIBHIS  |d 2019-11-20  |i 3396657  |o 964 LAR 1997  |p 3396657  |r 2025-01-20  |w 2019-11-20  |y BK  |k HIS